| 000 | 01138nam2a22002651 4500 | ||
|---|---|---|---|
| 001 | rc\4200080 | ||
| 005 | 20250611012430.0 | ||
| 021 |
_aRU _b[54-28222] |
||
| 035 | _a(NLR Aleph) 008007457 | ||
| 090 |
_a8679144 _c8679144 |
||
| 100 | _a20130415d1954 |||y0rusy50 ca | ||
| 101 | 0 | _arus | |
| 102 | _aRU | ||
| 105 | _aa z ||||| | ||
| 200 | 1 |
_aНакануне _aОтцы и дети _f[Подготовка текста и примеч. А.И. Батюто] |
|
| 210 |
_d1954 _aБ. м. |
||
| 215 | _a414 с., 6 л. ил. | ||
| 461 | 0 |
_1001rc\4200076 _12001#$aСобрание сочинений$f[Вступ. статья С.М. Петрова, с. 7-72]$vТ. 3 _1700#1$aТургенев$bИ.С.$f1818-1883$gИван Сергеевич _98679120 _aТургенев, И. С. (1818-1883) _cМосква _d1953 _f[Вступ. статья С.М. Петрова, с. 7-72]. Т. 1- _nГослитиздат _oВ 12 т. _tСобрание сочинений _vТ. 3 |
|
| 702 | 1 |
_aБатюто _bА.И. _4212 |
|
| 801 | 0 |
_aRU _bNLR _gpsbo |
|
| 801 | 1 |
_aRU _bELAR _2rusmarc |
|
| 852 |
_aNLR _jЛ30 Г-3/3519(3) |
||
| 942 | _cBOOK | ||
| 980 | _aNB | ||